| 000 | 00404nam a2200169Ia 4500 | ||
|---|---|---|---|
| 008 | 210210b1946 xxu||||| |||| 00| 0 eng d | ||
| 041 | _aeng | ||
| 082 | _a822/278 | ||
| 100 | _aCHURCHILL (W S) | ||
| 245 | _aWar speeches: 1940-1945 | ||
| 260 |
_aLondon _bCassell and Company Ltd _c1946 |
||
| 650 | _aWar | ||
| 650 | _aspeeches: | ||
| 650 | _a1940-1945 | ||
| 690 | _aEnglish Prose | ||
| 906 | _a012464 | ||
| 999 |
_c131265 _d131265 |
||